Universities Press computer science with python for CBSE Class XII/ (Record no. 191248)

MARC details
000 -LEADER
fixed length control field 00588nam a2200181 4500
005 - DATE AND TIME OF LATEST TRANSACTION
control field 20220823153629.0
010 ## - LCCN (DPL NO)
LC control number ENG-134566
020 ## - INTERNATIONAL STANDARD BOOK NUMBER
Terms of availability 950.00
International Standard Book Number 9789389211917
035 ## - SYSTEM CONTROL NUMBER
System control number EN-118098
037 ## - SOURCE OF ACQUISITION
Source of stock number/acquisition DBAD/PUB
082 ## - DEWEY DECIMAL CLASSIFICATION NUMBER
Classification number 004
100 ## - MAIN ENTRY--PERSONAL NAME
Personal name Thareja, Reema
245 ## - TITLE STATEMENT
Title Universities Press computer science with python for CBSE Class XII/
Statement of responsibility, etc Reema Thareja
260 ## - PUBLICATION, DISTRIBUTION, ETC. (IMPRINT)
Place of publication, distribution, etc Hyderabad
Name of publisher, distributor, etc Universities Press (India) Pvt. Ltd.
Date of publication, distribution, etc 2022
270 ## - ADDRESS
Address 3-6-747/A & 3-6-754/1, Himayatnagar
City Hyderabad
Postal code 500029
300 ## - PHYSICAL DESCRIPTION
Extent xviii,376p.
Dimensions 25cm(pbk)
942 ## - ADDED ENTRY ELEMENTS (KOHA)
Source of classification or shelving scheme Dewey Decimal Classification
Item type English Books
Classification part 004
Call number suffix THA
Holdings
Withdrawn status Lost status Not for loan Collection code Home library Current library Date acquired Source of acquisition Cost, normal purchase price Full call number Barcode Copy number Cost, replacement price Koha item type
      Non-fiction Ashok Vihar Ashok Vihar 23/08/2022 DBAD/PUB 950.00 604 THA EN-118098 1 950.00 English Books

© Delhi Public Library
Hit Counter
free hit counter